| 000 | 00737nam a2200241 i 4500 | ||
|---|---|---|---|
| 001 | 82139 | ||
| 003 | ES-MaACL | ||
| 005 | 20230906174617.0 | ||
| 007 | t| | ||
| 008 | 041125s1987 sp ||||1| spa d | ||
| 020 | _a84-7137-960-0 | ||
| 080 | _a304(4-672 CE) | ||
| 100 | 1 |
_aBaillo, Valeriano. _924708 |
|
| 245 | 1 | 3 |
_aLa Europa social / _cValeriano Baillo, Fernando Crespo. |
| 260 |
_aPamplona : _bSalvat, _c1987. |
||
| 300 |
_a96 p. : _bil. col. y n. ; _c21 cm. |
||
| 490 | 1 |
_aSalvat libros. Serie Europa ; _v10 |
|
| 610 | 2 |
_aComunidades Europeas- _xPolĂtica social. _9171266 |
|
| 700 | 1 |
_aCrespo, Fernando. _941520 |
|
| 830 | 1 |
_aSalvat libros. Serie Europa ; _v10 _9183731 |
|
| 852 |
_aES-MaACL _jE-10481 |
||
| 999 |
_c82139 _d82139 |
||